Score 0/10 Timer 01:00
1 Play Today
% Correct
State Farm
85.5%
Allstate
81.5%
Nationwide
80.9%
GEICO
80.7%
Farmers
80.6%
Progressive
71.2%
The General
70.6%
USAA
64.7%
Liberty Mutual
57%
Aflac
56.2%

Today's Daily Dose

Remove Ads.
Support Sporcle.
Get the best of Sporcle when you Go Orange. This ad-free experience offers more features, more stats, and more fun while also helping to support Sporcle. Thank you for becoming a member.

You're not logged in!

Compare scores with friends on all Sporcle quizzes.
OR
Log In

Show Comments

Extras

Top Quizzes Today


Score Distribution

Your Account Isn't Verified!

In order to create a playlist on Sporcle, you need to verify the email address you used during registration. Go to your Sporcle Settings to finish the process.

Report this User

Report this user for behavior that violates our Community Guidelines.

Details: